[Event "USCL New York vs Manhattan"]
[Site "Chess.com"]
[Date "2013.11.05"]
[Round "11"]
[White "Chandra, Akshat"]
[Black "Salimbagat, Rico"]
[Result "1-0"]
[WhiteElo "2395"]
[BlackElo "2259"]
[PlyCount "51"]
[EventDate "2013.??.??"]
[EventCountry "USA"]

{Board 3, IM Chandra (New York Knights) vs. FM Salimbagat (Manhattan
Applesauce)  Time Control: Game in 75 with 30 second increment  Manhattan
receives Draw Odds} 1. e4 e5 2. Nf3 Nc6 3. Bb5 Nf6 4. d3 Bc5 5. c3 O-O 6. O-O
d5 7. Qe2 Bg4 8. h3 Bxf3 9. Qxf3 dxe4 10. dxe4 Ne7 11. Rd1 Qc8 12. Bg5 Qe6 13.
b4 Bb6 14. Nd2 Rad8 15. Bc4 Rxd2 16. Bxe6 Rxf2 17. Qxf2 Bxf2+ 18. Kxf2 Nxe4+
19. Kg1 Nxg5 20. Bb3 Rc8 21. Rd7 Kf8 22. Rad1 Ke8 23. Ba4 Nc6 24. b5 Na5 25. b6
c6 26. Rd8+ 1-0

[Event "USCL Miami vs San Francisco"]
[Site "Chess.com"]
[Date "2013.11.16"]
[Round "12"]
[White "Becerra, Julio"]
[Black "Bhat, Vinay"]
[Result "1/2-1/2"]
[WhiteElo "2619"]
[BlackElo "2555"]
[PlyCount "39"]
[EventDate "2013.??.??"]
[EventCountry "USA"]

{Board 1, GM Becerra (Miami Sharks) vs. GM Bhat (San Francisco Mechanics) 
Time Control: Game in 75 with 30 second increment} 1. e4 e6 2. d4 d5 3. Nc3 Bb4
4. e5 c5 5. a3 Bxc3+ 6. bxc3 Ne7 7. Qg4 Qc7 8. Qxg7 Rg8 9. Qxh7 cxd4 10. Ne2
Nbc6 11. f4 dxc3 12. Nxc3 Nd4 13. Bb2 Bd7 14. O-O-O Qb6 15. g3 Rc8 16. Bd3 Kf8
17. Qh6+ Ke8 18. Qh7 Kf8 19. Qh6+ Ke8 20. Qh7 1/2-1/2

[Event "USCL Miami vs San Francisco"]
[Site "Chess.com"]
[Date "2013.11.16"]
[Round "12"]
[White "Banik, Siddharth"]
[Black "Andretta, Carlos Gaston"]
[Result "1/2-1/2"]
[WhiteElo "2192"]
[BlackElo "2128"]
[PlyCount "43"]
[EventDate "2013.??.??"]
[EventCountry "USA"]

{Board 4, Banik (San Francisco Mechanics) vs. NM Andretta (Miami Sharks)  Time
Control: Game in 75 with 30 second increment} 1. e4 e6 2. d4 d5 3. Nc3 Bb4 4.
e5 c5 5. a3 Bxc3+ 6. bxc3 Ne7 7. h4 Qc7 8. Nf3 b6 9. h5 h6 10. Bb5+ Bd7 11. Bd3
Ba4 12. Bf4 Nd7 13. Qd2 Qc6 14. Rh4 Bb5 15. Rg4 Bxd3 16. cxd3 Rg8 17. Kf1 c4
18. Ne1 O-O-O 19. Nc2 Kb7 20. Nb4 Qc7 21. Rb1 Rc8 22. Rg3 1/2-1/2

[Event "USCL Miami vs San Francisco"]
[Site "Chess.com"]
[Date "2013.11.16"]
[Round "12"]
[White "Rodriguez, Eric"]
[Black "Liou, Yian"]
[Result "1/2-1/2"]
[WhiteElo "2348"]
[BlackElo "2491"]
[PlyCount "80"]
[EventDate "2013.??.??"]
[EventCountry "USA"]

{Board 3, FM Rodriguez (Miami Sharks) vs. FM Liou (San Francisco Mechanics) 
Time Control: Game in 75 with 30 second increment} 1. e4 e5 2. Nf3 Nc6 3. d4
exd4 4. Nxd4 Bb4+ 5. c3 Bc5 6. Be3 Bb6 7. Nf5 Bxe3 8. Nxe3 Nge7 9. g3 O-O 10.
Bg2 Kh8 11. c4 d6 12. Nc3 f5 13. f4 fxe4 14. Nxe4 Nf5 15. Nxf5 Bxf5 16. O-O Qd7
17. Qd2 Rae8 18. Rae1 b6 19. Re3 a5 20. Rfe1 h6 21. b3 Nd8 22. Qd4 Qf7 23. Nf2
Rxe3 24. Qxe3 Be6 25. Qd4 Re8 26. Bd5 Bxd5 27. Rxe8+ Qxe8 28. Qxd5 Ne6 29. Ne4
Nc5 30. Nxc5 Qe1+ 31. Kg2 bxc5 32. Qf5 Qe2+ 33. Kh3 Qe8 34. Kg2 c6 35. Kf3 Kg8
36. g4 Qe1 37. Qc8+ Kh7 38. Qf5+ Kg8 39. Qc8+ Kh7 40. Qf5+ Kg8 1/2-1/2

[Event "USCL New England vs New York"]
[Site "Chess.com"]
[Date "2013.11.16"]
[Round "12"]
[White "Shankland, Sam"]
[Black "Gelashvili, Tamaz"]
[Result "1-0"]
[WhiteElo "2673"]
[BlackElo "2699"]
[PlyCount "83"]
[EventDate "2013.??.??"]
[EventCountry "USA"]

{Board 1, GM Shankland (New England Nor'easters) vs. GM Gelashvili (New York
Knights)  Time Control: Game in 75 with 30 second increment  Game of the Week 
(Semifinals)} 1. d4 d6 2. Nf3 g6 3. g3 Bg7 4. Bg2 f5 5. O-O Nf6 6. c4 O-O 7.
Nc3 Qe8 8. d5 Na6 9. Nd4 Bd7 10. b3 c5 11. dxc6 bxc6 12. Bb2 Nc5 13. e3 e5 14.
Nde2 Qe7 15. Qc2 a5 16. Rad1 e4 17. Ba3 Rfd8 18. Na4 Nxa4 19. Bxd6 Qf7 20. bxa4
Be6 21. c5 Bxa2 22. Nd4 Bd5 23. Rd2 Ne8 24. Bf4 h6 25. h4 Qf6 26. Rfd1 g5 27.
hxg5 hxg5 28. Bd6 Qf7 29. g4 Bxd4 30. Rxd4 Nxd6 31. cxd6 Rxd6 32. Qc5 Rf6 33.
Rxd5 cxd5 34. Rxd5 Rb8 35. gxf5 Rb1+ 36. Bf1 Kh7 37. Qd4 Kh6 38. Rd7 Qf8 39.
Qxe4 Rb4 40. Bc4 Rxc4 41. Qxc4 Rxf5 42. Qc6+ 1-0

[Event "USCL New England vs New York"]
[Site "Chess.com"]
[Date "2013.11.16"]
[Round "12"]
[White "Checa, Nicolas"]
[Black "Times, Lawyer"]
[Result "1/2-1/2"]
[WhiteElo "2267"]
[BlackElo "2261"]
[PlyCount "120"]
[EventDate "2013.??.??"]
[EventCountry "USA"]

{Board 4, NM Checa (New York Knights) vs. NM Times (New England Nor'easters) 
Time Control: Game in 75 with 30 second increment} 1. d4 Nf6 2. c4 c5 3. d5 e6
4. Nc3 exd5 5. cxd5 d6 6. Nf3 g6 7. Bf4 a6 8. a4 Bg7 9. h3 O-O 10. e3 Qe7 11.
Nd2 Nbd7 12. Be2 Ne5 13. O-O Ne8 14. Bg3 f5 15. Re1 Qc7 16. Bf1 Rb8 17. f4 Nd7
18. e4 fxe4 19. Ndxe4 Bd4+ 20. Kh2 Ng7 21. Ng5 Nf6 22. Bc4 Nf5 23. Ne6 Bxe6 24.
dxe6 Qe7 25. Qf3 Bxc3 26. bxc3 Nxg3 27. Qxg3 d5 28. Ba2 c4 29. Re5 b5 30. axb5
axb5 31. Rae1 b4 32. cxb4 Rxb4 33. Bb1 Qg7 34. e7 Re8 35. Qa3 Rb7 36. Bc2 Ne4
37. Bxe4 dxe4 38. R1xe4 Qf7 39. Qc5 c3 40. Qxc3 Rbxe7 41. Qe3 Rxe5 42. Rxe5 Rf8
43. Re4 Qf6 44. Kg3 Rf7 45. Re8+ Kg7 46. Re6 Qa1 47. Re7 Qf6 48. Rxf7+ Qxf7 49.
Qe5+ Kg8 50. Kg4 Qa2 51. g3 Qd2 52. Kg5 Qd8+ 53. Qf6 Qd5+ 54. Qe5 Qd8+ 55. Kg4
Qd1+ 56. Kh4 Qd8+ 57. Qg5 Qd1 58. Qe5 Qd8+ 59. Kg4 Qd1+ 60. Kg5 Qd8+ 1/2-1/2

[Event "USCL New England vs New York"]
[Site "Chess.com"]
[Date "2013.11.16"]
[Round "12"]
[White "Brattain, Mika"]
[Black "Chandra, Akshat"]
[Result "0-1"]
[WhiteElo "2364"]
[BlackElo "2395"]
[PlyCount "128"]
[EventDate "2013.??.??"]
[EventCountry "USA"]

{Board 3, NM Brattain (New England Noreasters) vs. IM Chandra (New York
Knights)  Time Control: Game in 75 with 30 second increment} 1. c4 e6 2. Nc3 d5
3. d4 Nf6 4. cxd5 exd5 5. Bg5 Bb4 6. e3 Nbd7 7. Bd3 c5 8. Nge2 h6 9. Bh4 cxd4
10. exd4 O-O 11. O-O Be7 12. Rc1 Nb6 13. Qb3 Bd7 14. Rfe1 Re8 15. a4 Bc6 16. f3
Nh5 17. Bxe7 Qxe7 18. Red1 Rac8 19. Kh1 Qe3 20. a5 Nc4 21. Qc2 Nf6 22. Ng3 Nd6
23. Qd2 Qxd2 24. Rxd2 a6 25. Kg1 g6 26. Kf2 Kf8 27. Rdc2 Bd7 28. h4 h5 29. Nce2
Rxc2 30. Rxc2 Bb5 31. Bxb5 Nxb5 32. Rc5 Ke7 33. Ke3 Kd6+ 34. Kd3 Nd7 35. Rc2
Na7 36. b4 Nc6 37. Rb2 b6 38. Nc3 bxa5 39. bxa5 Re1 40. Nge2 Ra1 41. Nf4 Rxa5
42. Rb7 Ne7 43. g4 hxg4 44. fxg4 Ra1 45. h5 gxh5 46. gxh5 Rf1 47. Nce2 Nc6 48.
Rb2 Nf6 49. Rb6 Kc7 50. Rb2 a5 51. Rb5 a4 52. Ke3 a3 53. Nc3 a2 54. Nxa2 Ng4+
55. Kd3 Rxf4 56. Rxd5 Rf3+ 57. Ke4 Rf2 58. Rc5 Kd6 59. Nc3 Ne7 60. Rg5 f5+ 61.
Kd3 Ke6 62. h6 Rh2 63. Rg7 Rxh6 64. d5+ Kf6 0-1

[Event "USCL Miami vs New York"]
[Site "Chess.com"]
[Date "2013.11.20"]
[Round "13"]
[White "Becerra, Julio"]
[Black "Gelashvili, Tamaz"]
[Result "1-0"]
[WhiteElo "2619"]
[BlackElo "2699"]
[PlyCount "55"]
[EventDate "2013.??.??"]
[EventCountry "USA"]

{Board 1, GM Becerra (Miami Sharks) vs. GM Gelashvili (New York Knights)  Time
Control: Game in 75 with 30 second increment  Game of the Week (Championship).
} 1. e4 c5 2. Nf3 d6 3. d4 cxd4 4. Nxd4 Nf6 5. Nc3 g6 6. Be3 Bg7 7. f3 Nc6 8.
Qd2 O-O 9. Bc4 Bd7 10. h4 Rc8 11. Bb3 Ne5 12. h5 Nc4 13. Bxc4 Rxc4 14. O-O-O
Qa5 15. Nb3 Qa6 16. e5 Nxh5 17. Bh6 Bxh6 18. Qxh6 Rfc8 19. exd6 Rxc3 20. bxc3
Qxa2 21. Rxh5 gxh5 22. Qg5+ Kh8 23. dxe7 Qa4 24. Qf6+ Kg8 25. Qg5+ Kh8 26. Qf6+
Kg8 27. Rd5 h6 28. Qxh6 1-0

[Event "USCL Miami vs New York"]
[Site "Chess.com"]
[Date "2013.11.20"]
[Round "13"]
[White "Checa, Nicolas"]
[Black "Andretta, Carlos Gaston"]
[Result "1/2-1/2"]
[WhiteElo "2267"]
[BlackElo "2128"]
[PlyCount "169"]
[EventDate "2013.??.??"]
[EventCountry "USA"]

{Board 4, NM Checa (New York Knights) vs. NM Andretta (Miami Sharks)  Time
Control: Game in 75 with 30 second increment} 1. d4 Nf6 2. c4 e6 3. Nf3 d5 4.
Nc3 Be7 5. Bf4 O-O 6. Rc1 c5 7. dxc5 Bxc5 8. e3 Nc6 9. a3 dxc4 10. Bxc4 Nh5 11.
Bg5 Be7 12. Qxd8 Rxd8 13. O-O Bd7 14. Rfd1 Be8 15. Ne4 Kf8 16. b4 Rxd1+ 17.
Rxd1 Rd8 18. Rxd8 Nxd8 19. Kf1 h6 20. Bxe7+ Kxe7 21. Ke2 Nf6 22. Nc5 Bc6 23. b5
Bxf3+ 24. gxf3 Nd7 25. Nd3 Kd6 26. f4 Nc5 27. Nb2 Kc7 28. f3 b6 29. e4 Ndb7 30.
Ke3 f6 31. Kd4 Kd6 32. e5+ Ke7 33. Nd1 f5 34. Nc3 Nd8 35. Ne2 Na4 36. Bb3 Nc5
37. Bc2 Kd7 38. Kc4 Kc7 39. h4 g6 40. Kd4 Nf7 41. Ng3 Kd7 42. Nf1 Ke7 43. Nd2
Kd7 44. Nc4 Nb7 45. a4 Kc7 46. Bd1 Kd7 47. Nb2 Nfd8 48. Nd3 Kc7 49. Bb3 Kd7 50.
Ke3 Ke7 51. Nb4 Na5 52. Bc2 Kd7 53. Kf2 Nf7 54. Kg3 h5 55. Kf2 Nd8 56. Ke3 Kc7
57. Kd4 Kd7 58. Kc3 Ke7 59. Nd3 Kf7 60. Bb1 Ke7 61. Ba2 Kd7 62. Kb4 Ndb7 63.
Bb1 Kc7 64. Nf2 Kd7 65. Bc2 Ke7 66. Nd3 Kd7 67. Kc3 Nd8 68. Bb1 Kc7 69. Ba2 Kd7
70. Nb4 Kc7 71. Nc2 Kd7 72. Nd4 Ke7 73. Bc4 Kd7 74. Ba2 Ke7 75. Ne2 Kd7 76. Nc1
Ke7 77. Nd3 Kd7 78. Kb4 Ndb7 79. Bb1 Ke7 80. Nc1 Kd7 81. Ne2 Nd8 82. Nd4 Kc7
83. Ne2 Kd7 84. Nc1 Ndb7 85. Nd3 1/2-1/2

[Event "USCL Miami vs New York"]
[Site "Chess.com"]
[Date "2013.11.20"]
[Round "13"]
[White "Rodriguez, Eric"]
[Black "Chandra, Akshat"]
[Result "1-0"]
[WhiteElo "2348"]
[BlackElo "2395"]
[PlyCount "155"]
[EventDate "2013.??.??"]
[EventCountry "USA"]

{Board 3, FM Rodriguez (Miami Sharks) vs. IM Chandra (New York Knights)  Time
Control: Game in 75 with 30 second increment} 1. d4 Nf6 2. c4 e6 3. g3 d5 4.
Nf3 dxc4 5. Bg2 a6 6. O-O Nc6 7. e3 Bd7 8. a4 Rb8 9. b3 cxb3 10. Nbd2 Na5 11.
Ne5 Bd6 12. e4 Bb4 13. Bb2 O-O 14. Nxb3 Nxb3 15. Qxb3 a5 16. Bc3 Bxc3 17. Qxc3
b6 18. Rfd1 Rc8 19. Nc6 Bxc6 20. Qxc6 Qd7 21. Rac1 Rfd8 22. f3 Qe7 23. Bf1 e5
24. d5 Ne8 25. Bh3 Rb8 26. Rd3 Rd6 27. Qc4 Ra8 28. Rc2 g6 29. Kf2 h5 30. Qb5
Kg7 31. Rdc3 Ra7 32. Qb1 Ra8 33. Qb5 Ra7 34. Kg2 h4 35. Bg4 Ra8 36. Qf1 Rad8
37. Qc1 Qf6 38. Rc4 Qe7 39. R4c3 Qf6 40. Rc4 Kh7 41. R4c3 Qe7 42. Qe3 Kg7 43.
Qc1 f5 44. exf5 Rxd5 45. Rc6 R5d6 46. f6+ Kxf6 47. Qh6 Rxc6 48. Rxc6+ Rd6 49.
Rc2 Kf7 50. Qh7+ Ng7 51. gxh4 e4 52. h5 exf3+ 53. Kh3 c5 54. h6 Qf6 55. Rf2 Rd3
56. hxg7 Qxg7 57. Qxg7+ Kxg7 58. Rxf3 Rd4 59. Ra3 Kf6 60. Be2 Ke5 61. Bb5 c4
62. Rg3 Kd5 63. Rg5+ Kd6 64. Rxg6+ Kc5 65. Rc6+ Kb4 66. Rxb6 c3 67. Bd3+ Ka3
68. Bc2 Rb4 69. Rb5 Kb2 70. Bg6 Rb3 71. Kg3 Ka3 72. Rxb3+ Kxb3 73. h4 Kxa4 74.
h5 Kb4 75. h6 a4 76. h7 a3 77. h8=Q a2 78. Qh1 1-0